| 000 | 00534nam a2200217Ia 4500 | ||
|---|---|---|---|
| 003 | 0100 | ||
| 008 | 130303s9999 xx 000 0 und d | ||
| 020 | _a0198277237 | ||
| 040 | _cARRUPELIB | ||
| 050 | _aJA83.K95 1990 | ||
| 100 | _aKymlicka, Will | ||
| 245 | _aContemporary political philosophy | ||
| 245 | _ban introduction | ||
| 260 | _aOxford | ||
| 260 | _bClaredon Press | ||
| 260 | _C1990 | ||
| 300 | _a321p. | ||
| 300 | _b 22cm. | ||
| 650 | _bArendt, Hannah--Contributions in political science | ||
| 942 |
_2lcc _01 |
||
| 999 |
_c65326 _d65326 |
||